| 000 | 00728 a2200181 4500 | ||
|---|---|---|---|
| 003 | Nust | ||
| 005 | 20170207153208.0 | ||
| 040 | _cNust | ||
| 082 | _a005.1 | ||
| 100 | _aAbbassi, Shahid Hussain (MSCS-8) | ||
| 245 |
_aStudy of resilient packet ring technology and implementing it’s MAC Layer into software _cShahid Hussain Abbassi |
||
| 260 |
_bMCS,NUST _c2007 _aRawalpindi |
||
| 300 | _aviii,81, p.; | ||
| 505 | _aIntroduction (page-1) Existing metro technologyies and RPR (page-8) Transmit and receive of packets (page-39) Topology discovery and fairness (page-47) Top level implementation (page-67) Conclusion and future enhancements (page-77) | ||
| 538 | _aAlmirah No 73 Shelf No 2 | ||
| 650 | _aPG Thesis | ||
| 651 | _aMSCS-8 | ||
| 942 | _cTHS | ||
| 999 |
_c181279 _d181279 |
||